Experience human development/ (Record no. 3588)

MARC details
000 -LEADER
fixed length control field 00736nam a22002177a 4500
003 - CONTROL NUMBER IDENTIFIER
control field OSt
005 - DATE AND TIME OF LATEST TRANSACTION
control field 20250710073235.0
008 - FIXED-LENGTH DATA ELEMENTS--GENERAL INFORMATION
fixed length control field 250710b |||||||| |||| 00| 0 eng d
020 ## - INTERNATIONAL STANDARD BOOK NUMBER
International Standard Book Number 978-981-3312-88-3
040 ## - CATALOGING SOURCE
Original cataloging agency DWC-Main Lib
Transcribing agency OC
082 ## - DEWEY DECIMAL CLASSIFICATION NUMBER
Classification number Circ. 155 P213e 2024
100 ## - MAIN ENTRY--PERSONAL NAME
Personal name Papalia, Diane E.
245 ## - TITLE STATEMENT
Title Experience human development/
Statement of responsibility, etc. Diane E. Papalia & Gabriela Alicia Martorell
250 ## - EDITION STATEMENT
Edition statement Fifteenth edition
260 ## - PUBLICATION, DISTRIBUTION, ETC.
Place of publication, distribution, etc. New York:
Name of publisher, distributor, etc. McGraw Hill,
Date of publication, distribution, etc. c2024.
300 ## - PHYSICAL DESCRIPTION
Extent ix, 573 pages:
Other physical details illustrations;
Dimensions 27 cm.
504 ## - BIBLIOGRAPHY, ETC. NOTE
Bibliography, etc. note Glossary G1-G11. Bibliography B1-B102. Index I1-I49.
650 ## - SUBJECT ADDED ENTRY--TOPICAL TERM
Topical term or geographic name entry element 1. Developmental psychology.
700 ## - ADDED ENTRY--PERSONAL NAME
Personal name Martorell, Gabriela Alicia
942 ## - ADDED ENTRY ELEMENTS (KOHA)
Source of classification or shelving scheme Dewey Decimal Classification
Koha item type Book Circulation
Edition Fifteenth edition
Call number prefix Circ.
Suppress in OPAC No
952 ## - LOCATION AND ITEM INFORMATION (KOHA)
--
Holdings
Withdrawn status Lost status Source of classification or shelving scheme Damaged status Not for loan Home library Current library Shelving location Date acquired Source of acquisition Total Checkouts Full call number Barcode Date last seen Copy number Price effective from Koha item type Uniform Resource Identifier
    Dewey Decimal Classification     College Library College Library Circulation 02/10/2025 School Fund   Circ. 155 P213e 2024 54331 07/10/2025 c1 07/10/2025 BK-CIRC